مدى مشروعية تطبيق نظرية الضرورة في المعاملات وأثر ذلك في الفقه الإسلامي /
Saved in:
| Main Author: | |
|---|---|
| Other Authors: | |
| Format: | Thesis |
| Language: | Arabic |
| Published: |
Qahirah :
Jami'at al-Azhar,
2007
|
| Subjects: | |
| Tags: |
Add Tag
No Tags, Be the first to tag this record!
|
| LEADER | 013150000a22002410004500 | ||
|---|---|---|---|
| 008 | 150121s2007 ua g 000 0 ara d | ||
| 040 | |a UIAM |b eng | ||
| 041 | |a ara | ||
| 100 | 1 | |a عبد الصمد، عماد إمبارك محمد | |
| 242 | 1 | 0 | |a Mada mashru'iyah tatbiq nazariyat al-darurah fi al-mu'amalat wa-athar dhalik fi al-fiqh al-Islami |
| 245 | 1 | 0 | |a مدى مشروعية تطبيق نظرية الضرورة في المعاملات وأثر ذلك في الفقه الإسلامي / |c عماد إمبارك محمد عبد الصمد ؛ إشراف، محمد راشد علي أبو زيد |
| 260 | |a Qahirah : |b Jami'at al-Azhar, |c 2007 | ||
| 300 | |a 462 leaves ; |c 31 cm. | ||
| 500 | |a "بحث مقدم لنيل درجة التخصيص (الماجستر) في الفقه الإسلامي." --On t.p. | ||
| 502 | |a Thesis (M.A.)--Jami'at al-Azhar, 2007. | ||
| 504 | |a Includes bibliographical references (leaves 427-453). | ||
| 596 | |a 1 | ||
| 655 | |a Theses, Facsimile edition (Islamic). | ||
| 700 | 1 | |a 'Abd al-Samad, 'Imad Imbarak Muhammad | |
| 710 | 2 | |a Jami'at al-Azhar. |b Kulliyat al-Shari'ah wa-al-Qanun | |
| 900 | |a nan to lfr (sar) (bp project) | ||
| 999 | |c 437137 |d 470518 | ||
| 952 | |0 0 |6 XX(507852.10 |7 0 |8 THESES |9 759419 |a IIUM |b IIUM |c MULTIMEDIA |g 590.00 |o XX(507852.10 |p 00011299617 |r 2018-08-02 |t 1 |v 590.00 |y THESIS | ||
